| 000 | 00494nmm a2200157Ia 4500 | ||
|---|---|---|---|
| 008 | 251105s9999||||xx |||||||||||||||||und|| | ||
| 020 | _a9788477377993 | ||
| 041 | _aspa | ||
| 100 | _aGarcía Rodríguez, José | ||
| 245 | 0 | _aConspiración para la Rebelión militar del 18 de julio de 1936 | |
| 264 |
_a[Madrid, España] : _bSílex Ediciones, _c2013 |
||
| 300 | _a608 páginas | ||
| 650 | _aHistory of Europe: Spain | ||
| 856 | _uhttps://public.digitaliapublishing.com/a/21235 | ||
| 942 | _cCF | ||
| 999 |
_c85453 _d85453 |
||